[Event "Lippe Cup 04th"]
[Site "Lieme"]
[Date "2007.09.30"]
[Round "4"]
[White "Weiss, Ulrich"]
[Black "Schuhmacher, Jakob"]
[Result "0-1"]
[WhiteElo "1395"]
[BlackElo "1466"]
[PlyCount "110"]
[EventDate "2007.09.28"]
[EventType "swiss"]
[EventRounds "5"]
[EventCountry "GER"]
[SourceTitle "EXT 2012"]
[Source "ChessBase"]
[SourceDate "2011.11.24"]
[SourceVersion "1"]
[SourceVersionDate "2011.11.24"]
[SourceQuality "1"]

1. e4 e5 2. Nf3 Nc6 3. Bc4 Bc5 4. c3 Nf6 5. d4 exd4 6. cxd4 Bb4+ 7. Nc3 0-0 8. 0-0 Bxc3 9. e5 Bxd4 10. Nxd4 Nxe5 11. Bb3 d6 12. Bg5 h6 13. Bh4 Ng6 14. Bg3 c6 15. Bc2 d5 16. f4 Qb6 17. b3 c5 18. Ne2 d4 19. f5 Ne7 20. Kh1 Ned5 21. Qd3 Ne3 22. Rf3 Bd7 23. Bf2 Bb5 24. Qd2 Nfg4 25. Bxe3 Nxe3 26. Nf4 Qf6 27. Nh5 Qg5 28. Ng3 Bc6 29. Rf2 Nxg2 30. Qxg5 Ne3+ 31. Be4 hxg5 32. Bxc6 bxc6 33. Rc1 Rad8 34. Rxc5 d3 35. Rd2 Rd6 36. Ne4 Rd4 37. Nxg5 Nf1 38. Nf3 Rd6 39. Rd1 Ne3 40. Rd2 Rfd8 41. Kg1 Rf6 42. Ne1 Rxf5 43. Rxf5 Nxf5 44. Rxd3 Rxd3 45. Nxd3 Kf8 46. b4 Ke7 47. Ne5 Nd4 48. Kf2 Ke6 49. Nd3 Kd5 50. Ke3 Ne6 51. h4 c5 52. bxc5 Nxc5 53. Nf4+ Ke5 54. h5 Ne6 55. Nxe6 fxe6 0-1